Evaluación del efecto de la concentración de aditivos a base de ácido láurico-alcohol láurico en las propiedades del aceite utilizado en el proceso de laminado en frio
Guardado en:
| 主要作者: | |
|---|---|
| 格式: | 图书 |
| 语言: | Spanish |
| 出版: |
San José, Costa Rica
2015
|
| 主题: | |
| 标签: |
添加标签
没有标签, 成为第一个标记此记录!
|
MARC
| LEADER | 00000nam a22000007a 4500 | ||
|---|---|---|---|
| 003 | 012239 | ||
| 005 | 20221231143911.0 | ||
| 008 | 150821b xxu||||| |||| 00| 0 spa d | ||
| 040 | |c cru CEDI | ||
| 090 | |a TFG 7404 | ||
| 100 | |9 1038 |a Brenes Alfaro, Rodolfo | ||
| 245 | |a Evaluación del efecto de la concentración de aditivos a base de ácido láurico-alcohol láurico en las propiedades del aceite utilizado en el proceso de laminado en frio | ||
| 260 | |a San José, Costa Rica |c 2015 | ||
| 500 | |a Proyecto de graduación (licenciatura en ingeniería química)--Universidad de Costa Rica. Facultad de Ingeniería. Escuela de Ingeniería Química | ||
| 650 | |x ADITIVOS |x ESTRUCTURAS METALICAS |x DISEÑO DE ESTRUCTURAS |x RESISTENCIA DE MATERIALES |9 1039 | ||
| 942 | |c TFG | ||
| 999 | |c 13949 |d 13949 | ||
